Entry Personal Name
Number of records used in: 1
001 - CONTROL NUMBER
003 - CONTROL NUMBER IDENTIFIER
005 - DATE AND TIME OF LATEST TRANSACTION
- control field:
20221003131223.0
008 - FIXED-LENGTH DATA ELEMENTS
- fixed length control field:
100706n| azannaabn |a aaa c
010 ## - LIBRARY OF CONGRESS CONTROL NUMBER
- LC control number:
no2010108543
035 ## - SYSTEM CONTROL NUMBER
- System control number:
(OCoLC)oca08550220
040 ## - CATALOGING SOURCE
- Original cataloging agency:
OkU
- Language of cataloging:
eng
- Description conventions:
rda
- Transcribing agency:
OkU
- Modifying agency:
DNLM
046 ## - SPECIAL CODED DATES
100 1# - HEADING--PERSONAL NAME
- Personal name:
Bagchi, Debasis,
- Dates associated with a name:
1954-
400 0# - SEE FROM TRACING--PERSONAL NAME
- Personal name:
Debasis Bagchi,
- Dates associated with a name:
1954-
670 ## - SOURCE DATA FOUND
- Source citation:
Green tea, 1999:
- Information found:
CIP t.p. (Debasis Bagchi)
670 ## - SOURCE DATA FOUND
- Source citation:
Nutraceutical and functional food regulations in the United States and around the world, 2008:
- Information found:
t.p. (Debasis Bagchi, PhD, FACN, CNS, MAIChE; Creighton Univ. Medical Center, Omaha, Neb.) p. 4 of cover (Dept. of Pharmacy Sciences)
670 ## - SOURCE DATA FOUND
- Source citation:
E-mail from author, July 2, 2010:
- Information found:
(b. Feb. 28, 1954, no middle name; also author of Anti-angiogenic functional and medicinal foods; Biotechnology in functional foods and nutraceuticals; Huperzine A; Genomics, proteomics, and metabolomics in nutraceuticals and functional foods; Obesity : epidemiology, pathophysiology, and prevention; Phytopharmaceuticals for obesity treatment; Phytopharmaceuticals in cancer chemoprevention; Resveratrol and human health)